<?xml version="1.0" encoding="UTF-8"?>
<collection xmlns="http://www.loc.gov/MARC21/slim">
 <record>
  <leader>00705nam  2200301#c 4500</leader>
  <controlfield tag="001">UMA-1578</controlfield>
  <controlfield tag="003">UMA</controlfield>
  <controlfield tag="005">20230415    193400</controlfield>
  <controlfield tag="008">010309suuuu####mx#a#########||||#0#spa#d</controlfield>
  <datafield tag="336" ind1=" " ind2=" ">
   <subfield code="a">texto</subfield>
  </datafield>
  <datafield tag="337" ind1=" " ind2=" ">
   <subfield code="a">no mediado</subfield>
  </datafield>
  <datafield tag="338" ind1=" " ind2=" ">
   <subfield code="a">volumen</subfield>
  </datafield>
  <datafield tag="901" ind1=" " ind2=" ">
   <subfield code="a">4047</subfield>
  </datafield>
  <datafield tag="020" ind1=" " ind2=" ">
   <subfield code="a">9701015703</subfield>
  </datafield>
  <datafield tag="080" ind1=" " ind2=" ">
   <subfield code="a">616</subfield>
  </datafield>
  <datafield tag="092" ind1=" " ind2=" ">
   <subfield code="a">616</subfield>
  </datafield>
  <datafield tag="245" ind1=" " ind2=" ">
   <subfield code="a">Cecil</subfield>
   <subfield code="b">tratado de medicina interna</subfield>
  </datafield>
  <datafield tag="650" ind1=" " ind2=" ">
   <subfield code="a">Medicina interna</subfield>
  </datafield>
  <datafield tag="650" ind1=" " ind2=" ">
   <subfield code="a">Práctica médica</subfield>
  </datafield>
  <datafield tag="650" ind1=" " ind2=" ">
   <subfield code="a">Cardiología</subfield>
  </datafield>
  <datafield tag="650" ind1=" " ind2=" ">
   <subfield code="a">Gastroentelogía</subfield>
  </datafield>
  <datafield tag="650" ind1=" " ind2=" ">
   <subfield code="a">Nefrología</subfield>
  </datafield>
  <datafield tag="650" ind1=" " ind2=" ">
   <subfield code="a">Enfermedades</subfield>
  </datafield>
  <datafield tag="041" ind1=" " ind2=" ">
   <subfield code="a">spa</subfield>
  </datafield>
  <datafield tag="044" ind1=" " ind2=" ">
   <subfield code="a">mx#</subfield>
  </datafield>
  <datafield tag="300" ind1=" " ind2=" ">
   <subfield code="a">v. 1 : il. , fot. byn</subfield>
  </datafield>
  <datafield tag="260" ind1=" " ind2=" ">
   <subfield code="a">México</subfield>
   <subfield code="b">McGraw-Hill interamericana</subfield>
   <subfield code="c">1997</subfield>
  </datafield>
  <datafield tag="250" ind1=" " ind2=" ">
   <subfield code="a">20. ed.</subfield>
  </datafield>
 </record>
</collection>
